Statistieken voor Noem alle teams van de Premier League - vervolgens steden en stadions

Klik hier om de quiz te nemen!

Algemene statistieken

  • Deze quiz is 43 keer genomen
  • De gemiddelde score is 31 van 60

Antwoordstatistieken

HintAntwoord% Correct
Manchester
97%
Manchester
97%
Liverpool
92%
Liverpool
92%
StedenLonden
87%
Londen
87%
Londen
87%
Londen
87%
Londen
87%
Londen
87%
Londen
87%
Londen
87%
Manchester City
85%
Manchester United
85%
Chelsea
82%
TeamsArsenal
79%
Everton
77%
Tottenham Hotspur
77%
TeamAston Villa
69%
Wolverhampton
69%
Luton
67%
Luton Town
62%
Brentford
59%
Crystal Palace
59%
Brighton
56%
Newcastle United
56%
Old Trafford
54%
Sheffield
54%
West Ham United
54%
Bournemouth
51%
Bournemouth
51%
Burnley
51%
Burnley
51%
Nottingham Forest
51%
Sheffield United
51%
Brighton & Hove Albion
49%
StadBirmingham
46%
Fulham
46%
Wolverhampton Wanderers
46%
StadionsEmirates Stadium
38%
Etihad Stadium
38%
Stamford Bridge
33%
Goodison Park
31%
Anfield Road
28%
Tottenham Hotspur Stadium
26%
Newcastle upon Tyne
21%
London Stadium
18%
Craven Cottage
15%
Turf Moor
15%
StadiumVilla Park
15%
St James' Park
13%
Molineux Stadium
10%
Selhurst Park
10%
Vitality Stadium
10%
Bramall Lane
8%
Gtech Community Stadium
8%
American Express Stadium
5%
Kenilworth Road
5%
West Bridgford
5%
City Ground 30,404
0%

Scoreverdeling

Percentiel versus Aantal Correcte Antwoorden

Procent van Mensen met Elke Score

Uw Scoregeschiedenis

U heeft deze quiz nog niet genomen